Statistics for Anime openings by name

Click here to take the quiz!

General Stats

  • This quiz has been taken 146 times
  • The average score is 9 of 15

Answer Stats

HintAnswer% Correct
unraveltokyo ghoul
96%
silhouettenaruto
90%
black roverBlack clover
87%
Guren no yumiyaattack on titan
83%
departureHunter x hunter
74%
kyouran hey kidsnoragami
73%
hacking the gatesteins gate
69%
bye bye yesterdayAssassination classroom
66%
a cruel angels thesisEvangelion
61%
bloody streamjojos bizarre adventure
57%
centimeterrent a girlfriend
46%
clattanoiaoverlord
45%
liar maskakame ga kill
43%
paradisus paradoxumre zero
36%
dan Dan kokorodragonball gt
18%

Score Distribution

Percentile by Number Answered

Percent of People with Each Score

Your Score History

You have not taken this quiz